| 000 | 01430nam0a22003611 4500 | ||
|---|---|---|---|
| 001 | RU\NLR\INFOCOMM_161\5000077929 | ||
| 005 | 20250613095921.0 | ||
| 035 | _a(NLR Aleph) 009319608 | ||
| 090 |
_a9387499 _c9387499 |
||
| 100 | _a20100825d1986 |||y0rusy50 ca | ||
| 101 | 0 |
_aeng _drus |
|
| 102 | _aRU | ||
| 105 | _ay ||||000|y | ||
| 200 | 1 |
_aEffects of QCD vacuum and stability of H dihyperon _fA. E. Dorokhov, N. I. Kočelev |
|
| 210 |
_aДубна _cОбъед. ин-т ядер. исслед. _d1986 |
||
| 215 |
_a12 с. _d21 см |
||
| 225 | 1 |
_aОбъединенный институт ядерных исследований, Дубна _vЕ2-86-847 |
|
| 300 | _aНа 3-й с. обл.: Эффекты вакуума КХД и стабильность H дигиперона / Дорохов А. Е., Кочелев Н. И. | ||
| 300 | _aРез. на рус. яз. | ||
| 300 | _a"Submitted to "Physics letters B" | ||
| 320 | _aБиблиогр.: с. 11-12 | ||
| 606 |
_aВакуум в квантовой хромодинамике _2nlr_sh1 |
||
| 606 |
_aГипероны _2nlr_sh1 |
||
| 686 |
_aВ382.145 _2rubbk |
||
| 686 |
_aВ382.33 _2rubbk |
||
| 700 | 1 |
_9z05790 _aDorochov _bA. E. _gAleksandr Evgen'evič _4070 |
|
| 701 | 1 |
_aKočelev _bN. I. _4070 |
|
| 790 | 1 |
_9z05700 _aDorokhov _bA. E. _4070 |
|
| 801 | 1 |
_aRU _bNLR _c20100825 |
|
| 801 | 0 |
_aRU _bNLR _gPSBO |
|
| 852 |
_aNLR _jФз01 Д-4/4563 |
||
| 942 | _cBOOK | ||
| 980 | _aNB | ||